| 000 | 01072nam a2200289 i 4500 | ||
|---|---|---|---|
| 003 | EG-ScBUE | ||
| 005 | 20240219115615.0 | ||
| 008 | 110519s2011 ua f 000 0 daradd | ||
| 017 | _a2010 / 9329 | ||
| 020 | _a9789770928451 | ||
| 040 |
_aEG-ScBUE _bara _erda _cEG-ScBUE _dEG-ScBUE |
||
| 043 | _af-ua--- | ||
| 082 | 0 | 4 |
_222 _a962.055 _bأ م ي |
| 100 | 1 |
_91753 _aأمين، جلال، _d1935- _eمؤلف. |
|
| 245 | 1 | 0 |
_aمصر والمصريون في عهد مبارك 1981-2011 / _cد. جلال أمين. |
| 250 | _aالطبعة الأولى. | ||
| 264 | 1 |
_aالقاهرة : _bدار الشروق، _c2011. |
|
| 300 |
_a273 صفحة ؛ _c24 سم |
||
| 336 |
_2rdacontent _aنص _btxt |
||
| 337 |
_aبدون وسيط _2rdamedia _bn |
||
| 338 |
_aمجلد _bnc _2rdacarrier |
||
| 651 | 7 |
_923986 _aمصر _xتاريخ _yالعصر الحديث _yحسني مبارك (1981-2011). _2BUEsh |
|
| 651 | 7 |
_aمصر _xأحوال اقتصادية _yالعصر الحديث _yحسني مبارك (1981-2011). _2BUEsh |
|
| 653 | _cMay2011 | ||
| 655 | _vReading book | ||
| 942 |
_2ddc _cBB |
||
| 999 |
_c15350 _d15350 |
||